00519nam a2200181Ia 450000500170000000800410001702000350005804000190009304100120011208200160012410000120014024500620015225000360021426000360025030000130028665000270029985000110032620240205115758.0140110s9999 xx 000 0 und d a9788131313596cRs.1195.00(set) aLoreto College aEnglish a370.15bSAB aSabu,S. aEncyclopaedia of Education Psychology (Vol.2), cS.Sabu aAdvanced educational psychology aNew DelhibAPH Publishingc2012 avi,148p  aEducational psychology aLCLIB